Castellano. primer curso /

Guardado en:
Autor Principal: Lacau, Maria H. P. Mujica De
Formato: Libro
Publicado: Argentina : Ciordia & Rodríguez, 1960
Edición:7a. ed.
Materias:
Etiquetas: Agregar Etiqueta
Sin Etiquetas, Sea el primero en etiquetar este registro!
LEADER 00478nam a22001695a 4500
001 CEM.cems003667
005 19000101000000.0
008 130507s1960##################000#0#####d
003 CEMS
082 0 4 |a 468 
100 1 |a Lacau, Maria H. P. Mujica De 
245 1 0 |a Castellano. primer curso / 
250 |a 7a. ed. 
260 |a Argentina :  |b Ciordia & Rodríguez,  |c 1960 
300 |a 177 p. 
653 |a Lengua y literatura 
859 |a CEMS  |b BIB. CEMS - 11 de abril  |h 468  |i L116-1a7/I  |p 1586.74  |t Ej.1